<?xml version="1.0" encoding="UTF-8"?>
<record
    xmlns:xsi="http://www.w3.org/2001/XMLSchema-instance"
    xsi:schemaLocation="http://www.loc.gov/MARC21/slim http://www.loc.gov/standards/marcxml/schema/MARC21slim.xsd"
    xmlns="http://www.loc.gov/MARC21/slim">

  <leader>00941nam a22002537a 4500</leader>
  <controlfield tag="005">20170314085553.0</controlfield>
  <controlfield tag="008">170314b        mx ||||| |||| 00| 0 spa d</controlfield>
  <datafield tag="020" ind1=" " ind2=" ">
    <subfield code="a">9786079648619</subfield>
  </datafield>
  <datafield tag="050" ind1="0" ind2="4">
    <subfield code="a">PQ6239.M66</subfield>
    <subfield code="b">V63 2014</subfield>
  </datafield>
  <datafield tag="245" ind1="0" ind2="0">
    <subfield code="a">Voces imp&#xFA;dicas, vicios pol&#xED;ticos y confesiones p&#xFA;blicas /</subfield>
    <subfield code="c">Efra&#xED;n Franco Fr&#xED;as...[et al.]. ;prol. Carlos Araque Osorio ; Antologador, Luis Miguel L&#xF3;pez</subfield>
  </datafield>
  <datafield tag="250" ind1=" " ind2=" ">
    <subfield code="a">1a ed.</subfield>
  </datafield>
  <datafield tag="260" ind1=" " ind2=" ">
    <subfield code="a">M&#xE9;xico :</subfield>
    <subfield code="b">Escenolog&#xED;a ediciones, </subfield>
    <subfield code="c">2014</subfield>
  </datafield>
  <datafield tag="300" ind1=" " ind2=" ">
    <subfield code="a">126 p :</subfield>
    <subfield code="b">il ;</subfield>
    <subfield code="c">21 cm.</subfield>
  </datafield>
  <datafield tag="490" ind1="0" ind2=" ">
    <subfield code="a">Escenolog&#xED;a /drama</subfield>
  </datafield>
  <datafield tag="650" ind1=" " ind2="4">
    <subfield code="a">Mon&#xF3;logos espa&#xF1;ol</subfield>
    <subfield code="x">Teatro</subfield>
    <subfield code="x">Mujeres</subfield>
  </datafield>
  <datafield tag="650" ind1=" " ind2="4">
    <subfield code="a">Teatro</subfield>
    <subfield code="x">Mujeres</subfield>
    <subfield code="x">Biograf&#xED;a</subfield>
  </datafield>
  <datafield tag="700" ind1="1" ind2=" ">
    <subfield code="a">Franco Fr&#xED;as, Efra&#xED;n., </subfield>
    <subfield code="e">coaut.</subfield>
  </datafield>
  <datafield tag="700" ind1="1" ind2=" ">
    <subfield code="a">Ostoa, Alejandro., </subfield>
    <subfield code="e">coaut.</subfield>
  </datafield>
  <datafield tag="700" ind1="1" ind2=" ">
    <subfield code="a">Ruiz Mercado, Jos&#xE9;., </subfield>
    <subfield code="e">coaut.</subfield>
  </datafield>
  <datafield tag="700" ind1="1" ind2=" ">
    <subfield code="a">Salcedo, Hugo., </subfield>
    <subfield code="e">coaut.</subfield>
  </datafield>
  <datafield tag="700" ind1="1" ind2=" ">
    <subfield code="a">Araque Osorio, Carlos., </subfield>
    <subfield code="e">prol.</subfield>
  </datafield>
  <datafield tag="700" ind1="1" ind2=" ">
    <subfield code="4">L&#xF3;pez, Luis Miguel., </subfield>
    <subfield code="e">Antologador.</subfield>
  </datafield>
  <datafield tag="942" ind1=" " ind2=" ">
    <subfield code="2">lcc</subfield>
    <subfield code="c">LIB</subfield>
  </datafield>
  <datafield tag="999" ind1=" " ind2=" ">
    <subfield code="c">130375</subfield>
    <subfield code="d">130375</subfield>
  </datafield>
  <datafield tag="952" ind1=" " ind2=" ">
    <subfield code="1">0</subfield>
    <subfield code="2">lcc</subfield>
    <subfield code="4">0</subfield>
    <subfield code="7">0</subfield>
    <subfield code="a">LIC-037</subfield>
    <subfield code="b">LIC-037</subfield>
    <subfield code="c">GENERAL</subfield>
    <subfield code="d">2017-03-14</subfield>
    <subfield code="e">DON</subfield>
    <subfield code="f">1a ed.</subfield>
    <subfield code="k">EH</subfield>
    <subfield code="o">PQ6239.M66 V63 2014</subfield>
    <subfield code="p">BBA000002056</subfield>
    <subfield code="r">2017-03-14 00:00:00</subfield>
    <subfield code="t">C : 1</subfield>
    <subfield code="y">LIB</subfield>
  </datafield>
</record>
